Design and Colour in Islamic Architecture (Record no. 9907)
[ view plain ]
| 000 -LEADER | |
|---|---|
| fixed length control field | 00644nam a2200241 a 4500 |
| 020 ## - INTERNATIONAL STANDARD BOOK NUMBER | |
| ISBN | 0865653 |
| 082 00 - DEWEY DECIMAL CLASSIFICATION NUMBER | |
| Classification number | 725.2 |
| Author Cutter | BAR |
| 100 ## - MAIN ENTRY--AUTHOR NAME | |
| Author name | Barry, Michael |
| 245 ## - TITLE STATEMENT | |
| Title | Design and Colour in Islamic Architecture |
| Sub title | Eight Centuries of |
| 260 ## - PUBLICATION, DISTRIBUTION, ETC. (IMPRINT) | |
| Place of publication | N.York |
| Name of publisher | Vendome Press |
| Year of publication | 1995 |
| 300 ## - PHYSICAL DESCRIPTION | |
| Number of Pages | 315p |
| 500 ## - GENERAL NOTE | |
| General note | includes index and biblioraphy |
| 505 2# - FORMATTED CONTENTS NOTE | |
| Formatted contents note | Appendix, Bibliography, Index |
| 650 ## - SUBJECT ADDED ENTRY--TOPICAL TERM | |
| Topical Term | Architecture-Islamic |
| 942 ## - ADDED ENTRY ELEMENTS (KOHA) | |
| Koha item type | Books |
| 700 1# - | |
| -- | Barry, Michael |
| Collection code | Home library | Current library | Date acquired | Cost, normal purchase price | Full call number | Accession Number | Koha item type |
|---|---|---|---|---|---|---|---|
| Henry Martyn Institute Library | Henry Martyn Institute Library | 06/15/2007 | 3054.00 | 725.2 BAR | 018104 | Books |
